| 000 | 00913nam a2200265Ia 4500 | ||
|---|---|---|---|
| 003 | OSt | ||
| 005 | 20220923215422.0 | ||
| 006 | a|||||r|||| 00| 0 | ||
| 007 | ta | ||
| 008 | tam | ||
| 024 | _a178,570 | ||
| 037 | _cTextual | ||
| 040 |
_aARTS _cARTS _btam |
||
| 041 |
_2tam _atam |
||
| 082 | _aO31,1M82w, 152M4;N1 | ||
| 100 |
_aनन्दकुमार, प्रेमा; बरनेत, अजित, अनु. _9163831 |
||
| 245 | 0 | _aभारती | |
| 246 | _aBhāratī | ||
| 260 |
_aदिल्ली _b साहित्य अकादेमी प्रकाशन _c1991 |
||
| 300 |
_a80 पृ0 _ccm. |
||
| 650 | _a तमिल साहित्य | ||
| 650 | _aतमिल कविता | ||
| 942 |
_hO31,1M82w, 152M4;N1 _cTEXL _2CC |
||
| 999 |
_c331952 _d331952 |
||